Engineering Economics Cost Benefit Analysis (Record no. 540424)

000 -LEADER
fixed length control field 00601nam a22001817a 4500
020 ## - INTERNATIONAL STANDARD BOOK NUMBER
Qualifying information Hard Cover.
082 ## - DEWEY DECIMAL CLASSIFICATION NUMBER
Classification number 621.3
100 ## - MAIN ENTRY--PERSONAL NAME
Personal name Sarosh Khan, Saeed Yaseen, Waqas Ali & M. Waqas Malik
245 ## - TITLE STATEMENT
Title Engineering Economics Cost Benefit Analysis
260 ## - PUBLICATION, DISTRIBUTION, ETC.
Place of publication, distribution, etc. Islamabad :
Name of publisher, distributor, etc. SEECS - NUST,
Date of publication, distribution, etc. 2006.
300 ## - PHYSICAL DESCRIPTION
Extent 38 p. : ill. ;
Dimensions 30cm.
563 ## - BINDING INFORMATION
Binding note HBK.
650 ## - SUBJECT ADDED ENTRY--TOPICAL TERM
Topical term or geographic name entry element Electronics Engineering-Project Reprot
700 ## - ADDED ENTRY--PERSONAL NAME
Personal name Mr. Aslam Bazmi.
856 ## - Uniform Resource Identifier
Uniform Resource Identifier <a href="http://10.250.8.41:8080/xmlui/handle/123456789/28841">http://10.250.8.41:8080/xmlui/handle/123456789/28841</a>
942 ## - ADDED ENTRY ELEMENTS (KOHA)
Source of classification or shelving scheme
Koha item type Project Report
650 ## - SUBJECT ADDED ENTRY--TOPICAL TERM
-- 34441
700 ## - ADDED ENTRY--PERSONAL NAME
-- 34442
Holdings
Withdrawn status Lost status Source of classification or shelving scheme Damaged status Not for loan Permanent Location Current Location Shelving location Date acquired Full call number Barcode Date last seen Price effective from Koha item type
WITHDRAWN         Central Library (CL) Central Library (CL) Thesis 10/23/2020 621.3 CL-BP-579 10/23/2020 10/23/2020 Project Report
© 2023 Central Library, National University of Sciences and Technology. All Rights Reserved.